Twenty One Pilots Lyrics: Downstairs - Statistics

General Stats
  • This quiz has been taken 63 times
  • The average score is 400 of 437
Answer Stats
Answer % Correct
and
100%
(and
100%
be
100%
have
100%
heart
100%
heart)
100%
i
100%
i-i-i
100%
i'm
100%
me
100%
my
100%
the
100%
you
100%
(you
100%
all
97%
down
97%
in
97%
on
97%
so
97%
so)
97%
downstairs,
95%
mercy
95%
mercy,
95%
oh,
95%
oh-oh-oh,
95%
there,
95%
what
95%
your
95%
better
92%
'cause
92%
('cause
92%
feel
92%
from
92%
it
92%
of
92%
one
92%
one)
92%
sleeve
92%
take
92%
want
92%
wear
92%
ask
89%
believe,
89%
both
89%
can
89%
i'll
89%
shelter
89%
to
89%
weather
89%
beggin',
86%
cellar
86%
ever
86%
hidin'
86%
if
86%
(if
86%
it's
86%
i've
86%
lungs
86%
lungs)
86%
own
86%
known
84%
known)
84%
some
84%
yeah
81%
yeah,
81%
after
78%
(after
78%
like
78%
(like
78%
start
78%
start)
78%
doubt
76%
made
76%
made)
76%
process
76%
process)
76%
doubted
73%
face
68%
nothin',
68%
hide
65%
how
65%
might
65%
afraid
62%
become?
62%
dirty
62%
feelin'
62%
hand
62%
now
62%
was
62%
am
59%
wretched
59%
ashamed
57%
just
57%
land?
57%
run-down
57%
forced
54%
unholy
54%
why
24%
No matching quizzes found
Score Distribution
Percent of People with Each Score
Percentile by Number Answered
Your Score History
You have not taken this quiz